000 00428nam a2200169Ia 4500
005 20250508151542.0
008 008 250505s9999 xx 000 0 eng d
037 _aTextual
040 _aFEDL
_beng
_cFEDL
041 _aeng
_2eng
084 _a380, MOR
_qFEDL
100 _aMorris R W
_995477
245 0 _aTransport, trade and travel
300 _a32p
942 _cTEXL
_h380, MOR
999 _c1330579
_d1330579